Can You Name all US State Governors By Picture? - Statistics

General Stats
  • This quiz has been taken 79 times
  • The average score is 23 of 50
Answer Stats
Picture Answer % Correct
Ron DeSantis
96%
Sarah Huckabee Sanders
79%
Gretchen Whitmer
71%
Greg Abbott
67%
Glenn Youngkin
63%
Wes Moore
63%
Gavin Newsom
58%
Jim Justice
58%
Josh Shapiro
58%
Bill Lee
54%
Jared Polis
54%
Kay Ivey
54%
Kevin Stitt
54%
Kristi Noem
54%
Mike DeWine
54%
Tim Walz
54%
Andy Beshear
50%
Brian Kemp
50%
Jay Inslee
50%
Kathy Hochul
50%
Chris Sununu
46%
Greg Gianforte
46%
Henry McMaster
46%
Laura Kelly
46%
Phil Scott
46%
Doug Burgum
42%
John Carney
42%
Katie Hobbs
42%
Maura Healey
42%
Michelle Lujan Grisham
42%
Ned Lamont
42%
Phil Murphy
42%
Roy Cooper
42%
Spencer Cox
42%
Tony Evers
42%
John Bel Edwards
38%
Mike Dunleavy
38%
Tate Reeves
38%
Eric Holcomb
33%
Janet Mills
33%
Jay Robert Pritzker
33%
Joe Lombardo
29%
Josh Green
29%
Kim Reynolds
29%
Dan McKee
25%
Jim Pillen
25%
Mark Gordon
25%
Mike Parson
25%
Tina Kotek
25%
Brad Little
21%
No matching quizzes found
Score Distribution
Percent of People with Each Score
Percentile by Number Answered
Your Score History
You have not taken this quiz